Horned Moon : (Record no. 187004)
[ view plain ]
| 000 -LEADER | |
|---|---|
| fixed length control field | 00556 a2200169 4500 |
| 003 - CONTROL NUMBER IDENTIFIER | |
| control field | Nust |
| 005 - DATE AND TIME OF LATEST TRANSACTION | |
| control field | 20230404111945.0 |
| 040 ## - CATALOGING SOURCE | |
| Transcribing agency | Nust |
| 082 ## - DEWEY DECIMAL CLASSIFICATION NUMBER | |
| Classification number | 910.95491,STE |
| 100 ## - MAIN ENTRY--PERSONAL NAME | |
| Personal name | Stephens, Ian |
| 9 (RLIN) | 444 |
| 245 ## - TITLE STATEMENT | |
| Title | Horned Moon : |
| Remainder of title | an account of a journey through Pakistan, Kashmir and Afghanistan / |
| Statement of responsibility, etc. | Ian Stephens |
| 260 ## - PUBLICATION, DISTRIBUTION, ETC. | |
| Place of publication, distribution, etc. | London |
| Name of publisher, distributor, etc. | Chatto & Windus |
| Linkage | 1953 |
| 300 ## - PHYSICAL DESCRIPTION | |
| Extent | 288:p |
| 505 ## - FORMATTED CONTENTS NOTE | |
| Formatted contents note | Part 1: Preliminary (Page-17), Part 2: Sindi, Punjabi (Page-47), Part 3: Kashmiri (Page-105), Part 4: Pathan (Page-225). |
| 650 ## - SUBJECT ADDED ENTRY--TOPICAL TERM | |
| Topical term or geographic name entry element | Pakistan |
| 942 ## - ADDED ENTRY ELEMENTS (KOHA) | |
| Source of classification or shelving scheme | |
| Koha item type | Book |
| Withdrawn status | Lost status | Source of classification or shelving scheme | Damaged status | Not for loan | Permanent Location | Current Location | Shelving location | Date acquired | Full call number | Barcode | Date last seen | Price effective from | Koha item type | Public note |
|---|---|---|---|---|---|---|---|---|---|---|---|---|---|---|
| Military College of Signals (MCS) | Military College of Signals (MCS) | General Stacks | 12/12/2016 | 910.95491,STE | MCS29014 | 12/08/2016 | 12/12/2016 | Book | Almirah No.75, Shelf No.5 |
